Contemporary tourist behaviour: Yourself and others as tourists (Record no. 164477)

MARC details
000 -LEADER
fixed length control field 00401nam a2200145Ia 4500
008 - FIXED-LENGTH DATA ELEMENTS--GENERAL INFORMATION
fixed length control field 230917s9999||||xx |||||||||||||| ||und||
040 ## - CATALOGING SOURCE
-- 179526
Original cataloging agency VIVEKANANDA LIBRARY
041 ## - Language
-- English
082 ## - DDC NUMBER
Classification number 338.4791 B675C
100 ## - MAIN ENTRY--PERSONAL NAME
Personal name Bowen, David
245 #0 - TITLE STATEMENT
Title Contemporary tourist behaviour: Yourself and others as tourists
260 ## - PUBLICATION, DISTRIBUTION, ETC. (IMPRINT)
Place of publication, distribution, etc Wallingford
Name of publisher, distributor, etc CAB International
Date of publication, distribution, etc 2009
300 ## - PHYSICAL DESCRIPTION
Pages x, 289 p.
942 ## - ADDED ENTRY ELEMENTS (KOHA)
Koha item type Books
Holdings
Withdrawn status Lost status Damaged status Not for loan Location (home branch) Sublocation or collection (holding branch) Shelving location Date acquired Koha issues (times borrowed) Koha full call number Accession No. Koha date last seen Koha item type
        VIVEKANANDA LIBRARY VIVEKANANDA LIBRARY IHTM Library 09/02/2011   338.4791 B675C 302099 17/09/2023 Books
        VIVEKANANDA LIBRARY VIVEKANANDA LIBRARY IHTM Library 09/02/2011   338.4791 B675C 327391 17/09/2023 Books
        VIVEKANANDA LIBRARY VIVEKANANDA LIBRARY IHTM Library 09/02/2011   338.4791 B675C 340599 17/09/2023 Books
© Designed and Maintained by Vivekananda Library, MDU Rohtak